Ładuje się......

Women Empowerment And Reproductive Behavior

Opis bibliograficzny
1. autor: Bajpai, A.D. N. and Mishra, S.K
Kolejni autorzy: Mishra, S.K
Format: Printed Book
Język:Undetermined
Wydane: New Delhi: Classical Publishing Co., 2007
Hasła przedmiotowe:
LEADER 00601nam a2200169Ia 4500
008 200110s9999||||xx |||||||||||||| ||und||
080 |a 305.4  |b BAJ-W 
100 |a Bajpai, A.D. N. and Mishra, S.K.  
245 0 |a Women Empowerment And Reproductive Behavior 
260 |a New Delhi:  |b Classical Publishing Co.,   |c 2007 
300 |a 12:12 A12-P12 
500 |a Text Book 
650 |a Women Empowerment And Reproductive Behavior  
700 |a  Mishra, S.K. 
942 |c BK 
999 |c 257594  |d 257594 
952 |0 0  |1 0  |4 0  |6 305_400000000000000_BAJW  |7 0  |9 273518  |a SOC  |b SOC  |l 0  |o 305.4 BAJ-W  |p SOC7153  |r 2020-01-14  |w 2020-01-14  |y BK